MARC details
| 000 -LEADER |
| fixed length control field |
01799cim a22004218i 4500 |
| 005 - DATE AND TIME OF LATEST TRANSACTION |
| control field |
20210427190000.0 |
| 007 - PHYSICAL DESCRIPTION FIXED FIELD--GENERAL INFORMATION |
| fixed length control field |
sd fungnnuuneu |
| 008 - FIXED-LENGTH DATA ELEMENTS--GENERAL INFORMATION |
| fixed length control field |
180826s2018 nnnn ## n eng d |
| 020 ## - INTERNATIONAL STANDARD BOOK NUMBER |
| International Standard Book Number |
9781630158316 (audiobook) |
| Terms of availability |
[ |
| 040 ## - CATALOGING SOURCE |
| Original cataloging agency |
YDX |
| Language of cataloging |
eng |
| Description conventions |
rda |
| Transcribing agency |
YDX |
| Modifying agency |
CTMM |
| 050 14 - LIBRARY OF CONGRESS CALL NUMBER |
| Classification number |
PS3613.C356894 |
| Item number |
W44 2018 |
| 082 04 - DEWEY DECIMAL CLASSIFICATION NUMBER |
| Classification number |
[FIC] |
| 092 ## - LOCALLY ASSIGNED DEWEY CALL NUMBER (OCLC) |
| Classification number |
CDB |
| 100 1# - MAIN ENTRY--PERSONAL NAME |
| Personal name |
McCauley, Terrence, |
| Relator term |
author. |
| 9 (RLIN) |
5991638 |
| 245 10 - TITLE STATEMENT |
| Title |
Where the bullets fly |
| Medium |
[sound recording] / |
| Statement of responsibility, etc |
Terrence McCauley. |
| 250 ## - EDITION STATEMENT |
| Edition statement |
Unabridged. |
| 264 #2 - Production, Publication, Distribution, Manufacture, and Copyright Notice. |
| Place of production, publication, distribution, manufacture |
Old Saybrook, Connecticut : |
| Name of producer, publisher, distributor, manufacturer |
www.micromarketing.org |
| 264 #1 - Production, Publication, Distribution, Manufacture, and Copyright Notice. |
| Place of production, publication, distribution, manufacture |
[Old Saybrook, Connecticut] : |
| Name of producer, publisher, distributor, manufacturer |
[Tantor Media], |
| Date of production, publication, distribution, manufacture, or copyr |
[2018]. |
| 300 ## - PHYSICAL DESCRIPTION |
| Extent |
10 sound discs : |
| Other physical details |
digital, CD audio ; |
| Dimensions |
4 3/4 in. |
| 336 ## - Content Type |
| Content type term |
spoken word |
| 337 ## - Media type |
| Media type term |
audio |
| 338 ## - Carrier type |
| Carrier type term |
audio disc |
| 490 1# - SERIES STATEMENT |
| Series statement |
A Sheriff Aaron Mackey western ; |
| Volume number/sequential designation |
[1] |
| 500 ## - GENERAL NOTE |
| General note |
[Typographic symbols and accents removed for systems compatibility.] |
| 511 1# - PARTICIPANT OR PERFORMER NOTE |
| Participant or performer note |
Read by [TBD]. |
| 520 ## - SUMMARY, ETC. |
| Summary, etc |
"Surrounded by ranches, farms, and precious metal mines, the town of Dover Station, Montana is ripe for the plucking. It's up to Sheriff Aaron Mackey to keep the peace--and keep the dregs of humanity from trying to make a killing . . ."--Amazon.com. |
| 650 #0 - SUBJECT ADDED ENTRY--TOPICAL TERM |
| Topical term or geographic name as entry element |
Sheriffs |
| Form subdivision |
Fiction. |
| 9 (RLIN) |
5674214 |
| 650 #0 - SUBJECT ADDED ENTRY--TOPICAL TERM |
| Topical term or geographic name as entry element |
Frontier and pioneer life |
| Form subdivision |
Fiction. |
| 9 (RLIN) |
5674072 |
| 650 #0 - SUBJECT ADDED ENTRY--TOPICAL TERM |
| Topical term or geographic name as entry element |
Revenge |
| Form subdivision |
Fiction. |
| 9 (RLIN) |
5673795 |
| 650 #0 - SUBJECT ADDED ENTRY--TOPICAL TERM |
| Topical term or geographic name as entry element |
Western stories. |
| 9 (RLIN) |
5991639 |
| 655 #7 - INDEX TERM--GENRE/FORM |
| Genre/form data or focus term |
Western fiction. |
| Source of term |
lcgft |
| 9 (RLIN) |
5687771 |
| 655 #7 - INDEX TERM--GENRE/FORM |
| Genre/form data or focus term |
Western stories. |
| Source of term |
gsafd |
| 9 (RLIN) |
5991640 |
| 655 #7 - INDEX TERM--GENRE/FORM |
| Genre/form data or focus term |
Audiobooks. |
| Source of term |
lcgft |
| 9 (RLIN) |
5991641 |
| 800 1# - SERIES ADDED ENTRY--PERSONAL NAME |
| Personal name |
McCauley, Terrence. |
| Title of a work |
Sheriff Aaron Mackey western ; |
| Volume/sequential designation |
bk. 1. |
| 9 (RLIN) |
5779347 |
| 942 ## - ADDED ENTRY ELEMENTS (KOHA) |
| Koha item type |
CD |
| Source of classification or shelving scheme |
Dewey Decimal Classification |
| 948 ## - LOCAL PROCESSING INFORMATION (OCLC); SERIES PART DESIGNATOR (RLIN) |
| Series part designator, SPT (RLIN) |
01/09/2019 |
| b (OCLC) |
01/10/2019 |
| z (OCLC) |
Sirsi |
| 949 ## - LOCAL PROCESSING INFORMATION (OCLC) |
| n |
www.MicroMarketing.org 800-229-9887 |